000 00308nam a22001217a 4500
008 211129b ||||| |||| 00| 0 eng d
020 _a9788192088808
050 _a030
_b1
245 _aAnswer Book,10001 Facts ABOUT OUR WORLD
260 _aWashington
_bNational Georaphical
300 _a1
942 _2ddc
_cBK
999 _c11932
_d11932